La realidad del proceso
Salvato in:
| Autore principale: | |
|---|---|
| Natura: | Libro |
| Lingua: | spagnolo |
| Pubblicazione: |
Santiago
Pontificia Universidad Católica de Chile
1982
|
| Soggetti: | |
| Tags: |
Aggiungi Tag
Nessun Tag, puoi essere il primo ad aggiungerne!!
|
MARC
| LEADER | 00000nam a2200000 a 4500 | ||
|---|---|---|---|
| 001 | UCS0981 | ||
| 003 | CL-VaPUC | ||
| 008 | 970506e19820000CL |||||||||||||||||spa|d | ||
| 082 | 0 | 4 | |a 347.05 |b CER |2 21 |
| 100 | 0 | |a Cerda Fernández, Carlos |e author |9 384948 | |
| 245 | 1 | 3 | |a La realidad del proceso |
| 300 | |a 3 v | ||
| 942 | |c BK | ||
| 945 | |d 19970506 00:00:00 |a paguirre | ||
| 260 | |a Santiago |b Pontificia Universidad Católica de Chile |c 1982 | ||
| 500 | |a v.1: La oportunidad en el procedimiento ordinario | ||
| 500 | |a v.2: La oportunidad en el proceso sumario | ||
| 500 | |a v.3: La oportunidad en el proceso ejecutivo | ||
| 650 | 0 | |a Derecho procesal civil |9 258071 | |
| 650 | 0 | |a Procedimiento civil |9 254870 | |
| 650 | 0 | |a Sentencias |9 256250 | |
| 650 | 0 | |a Prueba |9 256247 | |
| 650 | 0 | |a Tribunales |9 254872 | |
| 650 | 7 | |a SUMARIO |2 CL-VaPUC |9 368476 | |
| 650 | 0 | |a Jurisdicción |9 255090 | |
| 583 | |a last modification |c 19970506 00:00:00 |k Rodrigo Vera | ||
| 999 | |c 259096 |d 259094 | ||
| 952 | |0 0 |1 0 |4 0 |6 347_050000000000000_CER_1982 |7 0 |8 A |9 283649 |a BIBDER |b BIBDER |d 2019-11-19 |h v.1 |i 1839969 |o 347.05 CER 1982 |p 1839969 |r 2023-01-25 |w 2019-11-19 |y BK |k DER | ||
| 952 | |0 0 |1 0 |4 0 |6 347_050000000000000_CER_1982 |7 0 |8 A |9 283650 |a BIBDER |b BIBDER |d 2019-11-19 |h v.2 |i 1839977 |o 347.05 CER 1982 |p 1839977 |r 2023-01-25 |w 2019-11-19 |y BK |k DER | ||
| 952 | |0 0 |1 0 |4 0 |6 347_050000000000000_CER_1982 |7 0 |8 A |9 283651 |a BIBDER |b BIBDER |d 2019-11-19 |h v.3 |i 1839985 |o 347.05 CER 1982 |p 1839985 |r 2023-01-25 |w 2019-11-19 |y BK |k DER | ||